000 01020nam a2200289 i 4500
001 bg
003 BPK
005 20200630132816.0
008 070405s1973 pl a f f |000 0 pol
015 _aPB 1973/5957
040 _aWA N
_cBPK
080 _a621.01
080 _a539.4
080 _a(075.8)
100 1 _aNiezgodziński, Michał Edward
_d(1919-2010)
_eAutor
245 1 0 _aObliczenia zmęczeniowe elementów maszyn /
_cMichał Edward Niezgodziński, Tadeusz Niezgodziński.
260 _aWarszawa :
_bPaństwowe Wydawnictwo Naukowe,
_c1973.
300 _a251, [1] s. [6] k. tabl. :
_bil. ;
_c23 cm.
504 _aBibliogr.
650 4 _aMaszyny
_xteoria.
655 4 _aPodręczniki akademickie
650 4 _aWytrzymałość materiałów
700 1 _aNiezgodziński, Tadeusz
_d(1945- )
_eAutor
710 2 _aPaństwowe Wydawnictwo Naukowe
_4pbl.
942 _2UKD
_cKS
856 _uhttp://koha.tu.koszalin.pl/cgi-bin/koha/opac-detail.pl?biblionumber=7618
_yKatalog online BPK
999 _c7618
_d7618